[Event "CAN-op"]
[Site "Edmonton CAN"]
[Date "2000.07.16"]
[Round "10"]
[White "Gardner, Robert"]
[Black "Huber, Gregory"]
[Result "1/2-1/2"]
[WhiteElo "2221"]
[BlackElo "2260"]
[PlyCount "58"]
[GameId "2160767911703284"]
[EventDate "2000.07.08"]
[EventType "swiss"]
[EventRounds "10"]
[EventCountry "CAN"]
[SourceTitle "EXT 2001"]
[Source "ChessBase"]
[SourceDate "2000.11.22"]
[SourceVersion "1"]
[SourceVersionDate "2000.11.22"]
[SourceQuality "1"]

1. f4 d5 2. g3 g6 3. Nf3 Bg7 4. Bg2 c5 5. d3 Nc6 6. O-O Nf6 7. Nc3 d4 8. Ne4 Nxe4 9. dxe4 e5 10. f5 Qe7 11. e3 dxe3 12. fxg6 hxg6 13. Bxe3 Nd4 14. c3 Nxf3+ 15. Bxf3 b6 16. Bg4 O-O 17. Bxc8 Raxc8 18. Qg4 Rfd8 19. Bg5 f6 20. Be3 Qf7 21. a4 f5 22. Qe2 Qe6 23. exf5 gxf5 24. a5 Qg6 25. axb6 axb6 26. Ra6 Rd6 27. Qc4+ Kh8 28. Qh4+ Kg8 29. Qc4+ Kh8 1/2-1/2

[Event "CAN-op"]
[Site "Edmonton CAN"]
[Date "2000.07.16"]
[Round "10"]
[White "Gibson, Vince"]
[Black "Thompson, Brent"]
[Result "0-1"]
[WhiteElo "1446"]
[BlackElo "1381"]
[PlyCount "76"]
[GameId "2160767911703285"]
[EventDate "2000.07.08"]
[EventType "swiss"]
[EventRounds "10"]
[EventCountry "CAN"]

1. g3 d5 2. Nf3 Nf6 3. Bg2 Bf5 4. d4 Nbd7 5. Nc3 e6 6. O-O c5 7. Bg5 h6 8. Bxf6 Nxf6 9. Re1 c4 10. Ne5 Nd7 11. e4 dxe4 12. Bxe4 Bxe4 13. Rxe4 Nxe5 14. dxe5 Qxd1+ 15. Rxd1 Rc8 16. Nb5 a6 17. Nd6+ Bxd6 18. Rxd6 Ke7 19. Rdd4 b5 20. c3 Rhd8 21. Re3 Rxd4 22. cxd4 b4 23. Kf1 c3 24. bxc3 bxc3 25. Re1 Kd7 26. Ke2 Kc6 27. Rc1 Kd5 28. f4 Kxd4 29. Rd1+ Ke4 30. Rc1 c2 31. Kd2 Kf3 32. Rxc2 Rxc2+ 33. Kxc2 Kg2 34. a4 Kxh2 35. Kc3 Kxg3 36. Kc4 h5 37. a5 h4 38. Kc5 h3 0-1

[Event "CAN-op"]
[Site "Edmonton CAN"]
[Date "2000.07.16"]
[Round "10"]
[White "Gillanders, Robert"]
[Black "Xu, Sheng Jun"]
[Result "1/2-1/2"]
[WhiteElo "1871"]
[BlackElo "2100"]
[PlyCount "35"]
[GameId "2160767911703286"]
[EventDate "2000.07.08"]
[EventType "swiss"]
[EventRounds "10"]
[EventCountry "CAN"]

1. d4 Nf6 2. c4 g6 3. Nc3 Bg7 4. e4 d6 5. f3 O-O 6. Be3 c5 7. d5 e5 8. Qd2 a6 9. a4 b6 10. Bd3 Nbd7 11. Nge2 Ne8 12. O-O f5 13. exf5 gxf5 14. Bg5 Bf6 15. Bh6 Bg7 16. Bg5 Bf6 17. Bh6 Bg7 18. Bg5 1/2-1/2

[Event "CAN-op"]
[Site "Edmonton CAN"]
[Date "2000.07.16"]
[Round "10"]
[White "Goude, Brian"]
[Black "Predescu, Sebastian"]
[Result "0-1"]
[WhiteElo "1868"]
[BlackElo "2076"]
[PlyCount "64"]
[GameId "2160767911703287"]
[EventDate "2000.07.08"]
[EventType "swiss"]
[EventRounds "10"]
[EventCountry "CAN"]

1. e4 c6 2. d4 d5 3. Nc3 dxe4 4. Nxe4 Nf6 5. Nxf6+ exf6 6. Nf3 Bd6 7. Bd3 Bg4 8. Qe2+ Qe7 9. Qxe7+ Kxe7 10. Nd2 Re8 11. f3 Bh5 12. Nc4 Bc7 13. a4 Nd7 14. a5 Bg6 15. Bxg6 fxg6 16. Bd2 h5 17. Bb4+ Kf7+ 18. Kf2 Re6 19. g3 Rae8 20. Rhe1 g5 21. Rxe6 Rxe6 22. Re1 h4 23. Rxe6 Kxe6 24. Ne3 hxg3+ 25. hxg3 f5 26. c4 Nf6 27. Bd2 g6 28. b4 f4 29. Nf1 fxg3+ 30. Nxg3 Bxg3+ 31. Kxg3 Kf5 32. Bc3 g4 0-1

[Event "CAN-op"]
[Site "Edmonton CAN"]
[Date "2000.07.16"]
[Round "10"]
[White "Goutor, Evgeni"]
[Black "Robertson, Trevor"]
[Result "0-1"]
[WhiteElo "1702"]
[BlackElo "1266"]
[PlyCount "92"]
[GameId "2160767911703288"]
[EventDate "2000.07.08"]
[EventType "swiss"]
[EventRounds "10"]
[EventCountry "CAN"]

1. e4 e6 2. d3 d5 3. Nd2 Nc6 4. g3 d4 5. f4 Bb4 6. a3 Ba5 7. b4 Bb6 8. Ngf3 Nf6 9. h3 h5 10. e5 Nd5 11. Nc4 h4 12. g4 f6 13. b5 Nc3 14. Qd2 Na5 15. Nxb6 axb6 16. Nxd4 Qxd4 17. Bb2 fxe5 18. Bxc3 Qxf4 19. Qxf4 exf4 20. Bxg7 Rh7 21. Bf6 Bd7 22. a4 c6 23. Rb1 Rc8 24. c4 cxb5 25. axb5 Kf7 26. g5 Kg6 27. Bg2 e5 28. Be4+ Bf5 29. Rc1 Bxe4 30. dxe4 Rxc4 31. Rxc4 Nxc4 32. Ke2 Rd7 33. Rd1 Rxd1 34. Kxd1 f3 35. Ke1 Nd6 36. Kf2 Nxe4+ 37. Kxf3 Nxg5+ 38. Bxg5 Kxg5 39. Ke3 Kf5 40. Kf3 e4+ 41. Ke3 Ke5 42. Ke2 Kf4 43. Kf2 e3+ 44. Ke2 Ke4 45. Ke1 Kf3 46. Kf1 Kg3 0-1

[Event "CAN-op"]
[Site "Edmonton CAN"]
[Date "2000.07.16"]
[Round "10"]
[White "Goutor, Valentina"]
[Black "Lynn, Jim"]
[Result "0-1"]
[WhiteElo "1605"]
[BlackElo "1904"]
[PlyCount "78"]
[GameId "2160767911703289"]
[EventDate "2000.07.08"]
[EventType "swiss"]
[EventRounds "10"]
[EventCountry "CAN"]

1. e4 d5 2. exd5 Nf6 3. c4 e6 4. dxe6 Bxe6 5. d4 Bb4+ 6. Bd2 Qe7 7. Be2 Bxd2+ 8. Qxd2 Bxc4 9. Qe3 Bxe2 10. Kxe2 Nc6 11. Qxe7+ Kxe7 12. Nf3 Rhe8 13. Re1 Kf8+ 14. Kd3 Rxe1 15. Nxe1 Rd8 16. Nf3 Ng4 17. Nbd2 Nxf2+ 18. Ke3 Ng4+ 19. Kd3 Nce5+ 20. Nxe5 Nxe5+ 21. Kc3 Nc6 22. Nf3 h6 23. Rd1 f5 24. d5 Ne7 25. Kc4 Nc8 26. Nd4 Nd6+ 27. Kc5 Kf7 28. Ne6 Rd7 29. Rc1 g5 30. Kd4 Kf6 31. Nxc7 Rxc7 32. Rxc7 Nb5+ 33. Kc5 Nxc7 34. Kd6 Nb5+ 35. Kd7 Ke5 36. d6 Nxd6 37. Kc7 f4 38. b4 a6 39. a4 g4 0-1

[Event "CAN-op"]
[Site "Edmonton CAN"]
[Date "2000.07.16"]
[Round "10"]
[White "Hacatoglu, Kevork"]
[Black "Hellsten, Ole"]
[Result "1-0"]
[WhiteElo "2209"]
[BlackElo "1979"]
[PlyCount "39"]
[GameId "2160767911703290"]
[EventDate "2000.07.08"]
[EventType "swiss"]
[EventRounds "10"]
[EventCountry "CAN"]

1. e4 c6 2. d4 d5 3. e5 Bf5 4. Nc3 e6 5. g4 Bg6 6. Nge2 c5 7. h4 h5 8. Nf4 Nc6 9. Nxg6 fxg6 10. Ne2 cxd4 11. Nxd4 Nxd4 12. Qxd4 Qb6 13. Qa4+ Kd8 14. Bg5+ Be7 15. O-O-O Bxg5+ 16. hxg5 Ne7 17. Rh3 Kc7 18. Rb3 Qxf2 19. Rxb7+ Kxb7 20. Qa6+ 1-0

[Event "CAN-op"]
[Site "Edmonton CAN"]
[Date "2000.07.16"]
[Round "10"]
[White "Haley, Phil"]
[Black "Planas, Rodolfo"]
[Result "0-1"]
[WhiteElo "1828"]
[BlackElo "1641"]
[PlyCount "122"]
[GameId "2160767911703291"]
[EventDate "2000.07.08"]
[EventType "swiss"]
[EventRounds "10"]
[EventCountry "CAN"]

1. e4 g6 2. d4 c6 3. Nc3 d5 4. e5 h5 5. Bd3 Nh6 6. Nce2 e6 7. c3 Nd7 8. Qc2 Nf5 9. Nh3 Be7 10. Bd2 c5 11. Bxf5 gxf5 12. Be3 h4 13. Nhf4 cxd4 14. cxd4 Nb6 15. b3 Bd7 16. O-O Bc6 17. Qd2 Kd7 18. Nh3 Qg8 19. Bg5 Nc8 20. Kh1 Rh5 21. f4 Qg7 22. Neg1 f6 23. exf6 Bxf6 24. Nf3 Nd6 25. Bxf6 Qxf6 26. Ne5+ Kc7 27. Qa5+ Kb8 28. Rac1 Rh7 29. Ng5 Rc7 30. Qb4 Nb5 31. a4 a5 32. Qd2 Nd6 33. Rc5 Ne4 34. Nxe4 dxe4 35. Rfc1 Ra6 36. Kg1 Qg7 37. Nxc6+ Rcxc6 38. Rxc6 Rxc6 39. Rxc6 bxc6 40. Qc3 Qc7 41. g3 h3 42. b4 Qb6 43. b5 cxb5 44. Qb2 b4 45. Kf2 Qc6 46. d5 Qc5+ 47. Ke2 Kb7 48. dxe6 Qc4+ 49. Ke1 Qxe6 50. Qh8 b3 51. Qb2 Qd5 52. Qg7+ Kc6 53. Qf6+ Kc5 54. Qc3+ Qc4 55. Qxa5+ Kd4 56. Qd2+ Qd3 57. Qb4+ Ke3 58. Qb6+ Kf3 59. Qf2+ Kg4 60. a5 Qb1+ 61. Ke2 Qc2+ 0-1

[Event "CAN-op"]
[Site "Edmonton CAN"]
[Date "2000.07.16"]
[Round "10"]
[White "Hangartner, August"]
[Black "Mair, Bob"]
[Result "1/2-1/2"]
[WhiteElo "1896"]
[BlackElo "1695"]
[PlyCount "24"]
[GameId "2160767911703292"]
[EventDate "2000.07.08"]
[EventType "swiss"]
[EventRounds "10"]
[EventCountry "CAN"]

1. d4 f5 2. Nf3 Nf6 3. g3 e6 4. Bg2 d5 5. Bg5 Be7 6. Bxf6 Bxf6 7. O-O c6 8. c3 O-O 9. Nbd2 Bd7 10. Nb3 Qe7 11. a4 Na6 12. Nc1 Rab8 1/2-1/2

[Event "CAN-op"]
[Site "Edmonton CAN"]
[Date "2000.07.16"]
[Round "10"]
[White "Hinds, Ronald"]
[Black "Arseneau, Peter"]
[Result "1-0"]
[WhiteElo "2049"]
[BlackElo "1896"]
[PlyCount "79"]
[GameId "2160767911703293"]
[EventDate "2000.07.08"]
[EventType "swiss"]
[EventRounds "10"]
[EventCountry "CAN"]

1. e4 e6 2. d4 d5 3. Nd2 Nf6 4. e5 Nfd7 5. Bd3 c5 6. c3 Nc6 7. Ngf3 cxd4 8. cxd4 g6 9. O-O Bg7 10. Re1 O-O 11. Nf1 f6 12. exf6 Qxf6 13. Bg5 Qf7 14. Be3 e5 15. dxe5 Ndxe5 16. Nxe5 Bxe5 17. Qd2 Be6 18. Rac1 Rac8 19. Bh6 Rfe8 20. Rxc6 Bxh2+ 21. Nxh2 bxc6 22. b4 Bd7 23. Be3 Rc7 24. Nf3 Bf5 25. Be2 a5 26. a3 axb4 27. axb4 Ra8 28. Bd4 Qf8 29. Bc3 h6 30. Nd4 Bd7 31. Bf3 Kh7 32. Nb3 Be8 33. Qd4 Raa7 34. Nc5 Bf7 35. Qf6 Rc8 36. Bg4 Rd8 37. Re3 Qg8 38. Rh3 Ra3 39. Rxh6+ Kxh6 40. Qh4# 1-0

[Event "CAN-op"]
[Site "Edmonton CAN"]
[Date "2000.07.16"]
[Round "10"]
[White "Kaptsan, Aron"]
[Black "Schmitz, Andreas"]
[Result "1/2-1/2"]
[WhiteElo "2073"]
[BlackElo "2182"]
[PlyCount "150"]
[GameId "2160767911703295"]
[EventDate "2000.07.08"]
[EventType "swiss"]
[EventRounds "10"]
[EventCountry "CAN"]

1. d4 d5 2. c4 dxc4 3. e4 e5 4. Nf3 exd4 5. Qxd4 Qxd4 6. Nxd4 a6 7. Bxc4 c5 8. Nb3 Nc6 9. Be3 Nb4 10. Na3 b5 11. Be2 c4 12. Nc5 Nf6 13. f3 Nd7 14. Nxd7 Bxd7 15. Kf2 Rc8 16. Rhc1 Be7 17. Nc2 Nxc2 18. Rxc2 O-O 19. Bd4 f5 20. exf5 Bxf5 21. Rd2 Bg5 22. Be3 c3 23. bxc3 Bxe3+ 24. Kxe3 Rxc3+ 25. Kd4 b4 26. Rb2 Rd8+ 27. Ke5 Bc8 28. Kf4 a5 29. Kg3 Be6 30. Rd1 Rdc8 31. Rdd2 b3 32. axb3 Bxb3 33. Bd1 a4 34. Bxb3+ axb3 35. Kf2 Kf8 36. Ke2 Re8+ 37. Kd1 Rce3 38. Rf2 Rd3+ 39. Rfd2 Rde3 40. Rf2 Kf7 41. Kd2 Kf6 42. Kc1 Rc3+ 43. Kd2 Rec8 44. Re2 Rc2+ 45. Kd1 Rd8+ 46. Ke1 Re8 47. Rxe8 Rxb2 48. Rb8 Rxg2 49. Rxb3 Rxh2 50. Rb5 g5 51. Kf1 Kg6 52. Kg1 Ra2 53. Kf1 h5 54. Kg1 h4 55. Rc5 h3 56. Rb5 Rg2+ 57. Kf1 Kf6 58. Rb6+ Kf5 59. Rh6 Kf4 60. Rxh3 Ra2 61. Kg1 Ra3 62. Kg2 Rb3 63. Rg3 Rb2+ 64. Kh3 Rb1 65. Rg4+ Kxf3 66. Rg3+ Kf4 67. Rg4+ Kf5 68. Ra4 Rb3+ 69. Kg2 Rb2+ 70. Kg3 Rb3+ 71. Kg2 Kg6 72. Ra6+ Kh5 73. Ra4 g4 74. Ra8 Rb5 75. Kg3 Rb3+ 1/2-1/2

[Event "CAN-op"]
[Site "Edmonton CAN"]
[Date "2000.07.16"]
[Round "10"]
[White "Kazakevich, Anastasia"]
[Black "Klokow, John"]
[Result "1/2-1/2"]
[WhiteElo "1608"]
[BlackElo "1783"]
[PlyCount "50"]
[GameId "2160767911703296"]
[EventDate "2000.07.08"]
[EventType "swiss"]
[EventRounds "10"]
[EventCountry "CAN"]

1. d4 Nf6 2. c4 e6 3. Nc3 Bb4 4. e3 b6 5. Nge2 Ne4 6. Qb3 Nxc3 7. Nxc3 c5 8. a3 Bxc3+ 9. Qxc3 cxd4 10. exd4 Qf6 11. Be2 Bb7 12. O-O O-O 13. Bd3 d5 14. b3 dxc4 15. bxc4 Nc6 16. Be3 Rfd8 17. Rfd1 Ne7 18. Qc2 h6 19. Rac1 Rac8 20. Qb3 Nf5 21. Bxf5 Qxf5 22. Qc2 Qxc2 23. Rxc2 Kf8 24. Rdc1 Ke7 25. f3 Rc6 1/2-1/2

[Event "CAN-op"]
[Site "Edmonton CAN"]
[Date "2000.07.16"]
[Round "10"]
[White "Kekely, John"]
[Black "Lipnowski, Michael"]
[Result "1-0"]
[WhiteElo "1799"]
[BlackElo "1618"]
[PlyCount "57"]
[GameId "2160767911703297"]
[EventDate "2000.07.08"]
[EventType "swiss"]
[EventRounds "10"]
[EventCountry "CAN"]

1. e4 c5 2. Nf3 e6 3. Nc3 d6 4. Bb5+ Bd7 5. O-O Nc6 6. Re1 Nf6 7. b3 Be7 8. Bb2 O-O 9. Bxc6 Bxc6 10. d4 cxd4 11. Nxd4 Qb6 12. Nxc6 Qxc6 13. Re3 Rfd8 14. Rg3 Bf8 15. Nd5 Nxd5 16. exd5 Qxd5 17. Qg4 e5 18. Rd1 Qe6 19. Qe4 g6 20. Qxb7 Rac8 21. c4 Qf5 22. Qd5 Bg7 23. h3 Rc5 24. Qd2 d5 25. Ba3 Rc7 26. Qa5 Rcd7 27. Rxd5 Rxd5 28. cxd5 Bh6 29. Qxd8+ 1-0

[Event "CAN-op"]
[Site "Edmonton CAN"]
[Date "2000.07.16"]
[Round "10"]
[White "Kesteris, Imants"]
[Black "Kuczaj, Chris"]
[Result "1-0"]
[WhiteElo "1744"]
[BlackElo "2072"]
[PlyCount "61"]
[GameId "2160767911703298"]
[EventDate "2000.07.08"]
[EventType "swiss"]
[EventRounds "10"]
[EventCountry "CAN"]

1. b4 c6 2. Bb2 Qb6 3. a3 a5 4. c3 d5 5. e3 Nf6 6. Nf3 g6 7. Be2 Bg7 8. O-O O-O 9. d4 Ne4 10. Nbd2 Nxd2 11. Qxd2 Qc7 12. c4 axb4 13. axb4 Rxa1 14. Rxa1 e6 15. c5 Nd7 16. Qc3 f6 17. b5 e5 18. b6 Qb8 19. Ra4 exd4 20. Qa3 Ne5 21. Nxd4 Bd7 22. Qa2 Kh8 23. Ra7 Re8 24. Qa1 Kg8 25. Nb3 Rf8 26. Na5 Bc8 27. f4 Nd7 28. Bd4 Ne5 29. fxe5 fxe5 30. Nxc6 bxc6 31. Rxg7+ 1-0

[Event "CAN-op"]
[Site "Edmonton CAN"]
[Date "2000.07.16"]
[Round "10"]
[White "Kleist, Carol"]
[Black "Kazakevich, Alexander"]
[Result "0-1"]
[WhiteElo "1607"]
[BlackElo "1752"]
[PlyCount "86"]
[GameId "2160767911703299"]
[EventDate "2000.07.08"]
[EventType "swiss"]
[EventRounds "10"]
[EventCountry "CAN"]

1. d4 Nf6 2. c4 g6 3. Nc3 Bg7 4. e4 d6 5. f4 O-O 6. Be2 c5 7. d5 e6 8. Nf3 exd5 9. cxd5 Qa5 10. O-O Ng4 11. h3 Nh6 12. e5 Nf5 13. Bc4 b5 14. Nxb5 Qb6 15. Rb1 Bd7 16. Nxd6 Nxd6 17. exd6 Bf5 18. Ra1 Qxd6 19. Re1 Nd7 20. g4 Nb6 21. gxf5 Nxc4 22. Qd3 Nb6 23. Rd1 Rad8 24. Ne5 Bxe5 25. fxe5 Qxe5 26. d6 gxf5 27. Bh6 Rfe8 28. b3 Re6 29. Qd2 Qg3+ 30. Qg2 Qxg2+ 31. Kxg2 Rxh6 32. Rf1 Rdxd6 33. Rxf5 Nd7 34. Re1 Rhe6 35. Rg5+ Rg6 36. Re8+ Nf8 37. h4 Rxg5+ 38. hxg5 Kg7 39. Kf3 Rd2 40. Rc8 Ne6 41. a4 Rd3+ 42. Kg4 Rxb3 43. Ra8 Rb4+ 0-1

[Event "CAN-op"]
[Site "Edmonton CAN"]
[Date "2000.07.16"]
[Round "10"]
[White "Lacroix, Peter"]
[Black "Harris, Greg"]
[Result "0-1"]
[WhiteElo "1423"]
[BlackElo "1787"]
[PlyCount "50"]
[GameId "2160767911703300"]
[EventDate "2000.07.08"]
[EventType "swiss"]
[EventRounds "10"]
[EventCountry "CAN"]

1. e4 c6 2. d4 d5 3. e5 Bf5 4. Bd3 Bxd3 5. Qxd3 e6 6. Nf3 Ne7 7. Nbd2 Nf5 8. O-O Nd7 9. Re1 Rc8 10. Nf1 c5 11. c3 cxd4 12. cxd4 Be7 13. h3 O-O 14. N1h2 Nh4 15. Ng4 Nxf3+ 16. Qxf3 Qb6 17. Nh6+ gxh6 18. Qg4+ Kh8 19. Bxh6 Rg8 20. Qh5 Rg6 21. Re3 Rcg8 22. g4 Qxd4 23. Rf3 Qxe5 24. g5 Bxg5 25. Rg3 Bxh6 0-1

[Event "CAN-op"]
[Site "Edmonton CAN"]
[Date "2000.07.16"]
[Round "10"]
[White "Lee, Jason"]
[Black "Pivovarov, Juraj"]
[Result "1/2-1/2"]
[WhiteElo "1958"]
[BlackElo "1677"]
[PlyCount "97"]
[GameId "2160767911703301"]
[EventDate "2000.07.08"]
[EventType "swiss"]
[EventRounds "10"]
[EventCountry "CAN"]

1. d4 Nf6 2. c4 g6 3. Nc3 d5 4. cxd5 Nxd5 5. e4 Nxc3 6. bxc3 Bg7 7. Bc4 O-O 8. Ne2 c5 9. Be3 Nc6 10. O-O Bg4 11. f3 Na5 12. Bd3 c4 13. fxg4 cxd3 14. Qxd3 Rc8 15. Rab1 Qd7 16. h3 Qa4 17. Qb5 Qxb5 18. Rxb5 Nc4 19. Bg5 f6 20. Bf4 e5 21. Bc1 Nd6 22. Rb3 Nxe4 23. Rxb7 Nxc3 24. Nxc3 Rxc3 25. Bb2 Rc2 26. Ba3 Rfc8 27. dxe5 fxe5 28. Rff7 Bh8 29. Rxa7 e4 30. Rad7 Rxa2 31. Bd6 e3 32. Rfe7 Rd2 33. Bg3 Rc1+ 34. Kh2 Rxd7 35. Rxd7 Bf6 36. Rd3 Rc3 37. Rd6 Be7 38. Re6 Kf7 39. Re4 Bc5 40. Bf4 Rd3 41. h4 Rb3 42. Kh1 Rd3 43. g3 Rd4 44. Re5 Bd6 45. Rxe3 Bxf4 46. Rf3 Ke6 47. gxf4 h5 48. f5+ gxf5 49. gxf5+ 1/2-1/2

[Event "CAN-op"]
[Site "Edmonton CAN"]
[Date "2000.07.16"]
[Round "10"]
[White "Li, Zhuoran"]
[Black "Steinke, Wally"]
[Result "1-0"]
[WhiteElo "1473"]
[BlackElo "1731"]
[PlyCount "45"]
[GameId "2160767911703302"]
[EventDate "2000.07.08"]
[EventType "swiss"]
[EventRounds "10"]
[EventCountry "CAN"]

1. e4 c5 2. Nf3 a6 3. d4 cxd4 4. Nxd4 Nf6 5. Nc3 e5 6. Nb3 Bb4 7. Bd3 d5 8. Bg5 d4 9. a3 Bxc3+ 10. bxc3 dxc3 11. O-O h6 12. Bh4 O-O 13. f4 Bg4 14. Qe1 Nc6 15. fxe5 Nxe5 16. Bxf6 Qb6+ 17. Kh1 gxf6 18. Qh4 Kg7 19. Rab1 h5 20. h3 Rh8 21. Nd2 Qe3 22. Qxf6+ Kg8 23. Nc4 1-0

[Event "CAN-op"]
[Site "Edmonton CAN"]
[Date "2000.07.16"]
[Round "10"]
[White "Lipnowski, Irwin"]
[Black "Kleist, Frederick"]
[Result "1/2-1/2"]
[WhiteElo "2349"]
[BlackElo "2139"]
[PlyCount "136"]
[GameId "2160767911703303"]
[EventDate "2000.07.08"]
[EventType "swiss"]
[EventRounds "10"]
[EventCountry "CAN"]

1. c4 Nf6 2. g3 c6 3. Nf3 d5 4. b3 Qb6 5. Bg2 e5 6. O-O e4 7. Ne1 h5 8. d3 h4 9. dxe4 hxg3 10. hxg3 dxe4 11. Nc3 Qa5 12. Nxe4 Nxe4 13. Qd4 Nf6 14. Nf3 Qc5 15. Qb2 Bh3 16. Bg5 Qf5 17. Bxh3 Qxh3 18. Qe5+ Be7 19. Bh4 Nbd7 20. Qc7 Rh5 21. Qxb7 Rd8 22. Qxc6 Rc5 23. Qb7 Ng4 24. Bxe7 Kxe7 25. Rfd1 Rh5 26. Rxd7+ Rxd7 27. Qe4+ Re5 28. Qc6 Re6 29. Qc5+ Ke8 30. Qf5 Kf8 31. Qc5+ Rde7 32. Rd1 Kg8 33. Rd8+ Re8 34. Qc8 Nf6 35. Ng5 Qf5 36. Nxe6 Qxe6 37. Qxe6 fxe6 38. Rd6 Kf7 39. Ra6 Re7 40. f3 Rc7 41. Kf2 Nd7 42. Ke3 Ke7 43. Ra5 Kd6 44. Rg5 Nf6 45. Kd4 Re7 46. f4 Kc6 47. Ra5 Kb6 48. b4 Rd7+ 49. Ke5 Rd2 50. Kxe6 Rxe2+ 51. Kf7 Ne4 52. g4 Rg2 53. g5 Rg4 54. Kxg7 Rxf4 55. g6 Nf6 56. Re5 Nd7 57. Re7 Nf8 58. c5+ Kc6 59. a3 a5 60. Re8 Nxg6 61. Re6+ Kd7 62. Rd6+ Kc7 63. b5 Ne5 64. Ra6 Nc4 65. c6 Rf3 66. a4 Ra3 67. Ra7+ Kc8 68. b6 Nxb6 1/2-1/2

[Event "CAN-op"]
[Site "Edmonton CAN"]
[Date "2000.07.16"]
[Round "10"]
[White "Lipnowski, Samuel"]
[Black "Neumann, Ralph"]
[Result "1-0"]
[WhiteElo "2009"]
[BlackElo "1707"]
[PlyCount "65"]
[GameId "2160767911703304"]
[EventDate "2000.07.08"]
[EventType "swiss"]
[EventRounds "10"]
[EventCountry "CAN"]

1. e4 g6 2. d4 d6 3. Nc3 Nf6 4. Be3 Bg7 5. Qd2 O-O 6. O-O-O Bd7 7. Nf3 Ng4 8. Bg5 Nc6 9. h3 Nf6 10. e5 Ne8 11. Bh6 e6 12. h4 f6 13. h5 Bxh6 14. Qxh6 g5 15. Bd3 Rf7 16. Bg6 Rg7 17. Bxe8 Bxe8 18. exf6 Rf7 19. Nxg5 Qxf6 20. Nxf7 Qxf7 21. Rd3 Bd7 22. Rhh3 Ne7 23. Rdf3 Nf5 24. Qg5+ Qg7 25. Qd2 Kh8 26. h6 Qxg2 27. Qf4 Qg1+ 28. Nd1 Rg8 29. Rfg3 Rxg3 30. Rxg3 Qh1 31. Rg7 Qxh6 32. Qxh6 Nxh6 33. Rxd7 1-0

[Event "CAN-op"]
[Site "Edmonton CAN"]
[Date "2000.07.16"]
[Round "10"]
[White "Ludwig, David"]
[Black "Dean, Tim"]
[Result "1-0"]
[WhiteElo "1801"]
[BlackElo "1853"]
[PlyCount "75"]
[GameId "2160767911703305"]
[EventDate "2000.07.08"]
[EventType "swiss"]
[EventRounds "10"]
[EventCountry "CAN"]

1. c4 Nf6 2. Nc3 e5 3. g3 d6 4. Bg2 c6 5. d4 Be7 6. e4 O-O 7. Nge2 Bg4 8. Be3 Qc8 9. d5 Bh3 10. O-O Bxg2 11. Kxg2 Ng4 12. Bd2 f5 13. f4 Na6 14. h3 Nh6 15. fxe5 dxe5 16. Bxh6 gxh6 17. exf5 Rxf5 18. Qd3 Rh5 19. g4 Rg5 20. Ne4 Nc5 21. Qf3 Nxe4 22. Qf7+ Kh8 23. Qxe7 Rxg4+ 24. Kh2 Rg5 25. Rf7 Qg8 26. Raf1 Re8 27. Rxh7+ Qxh7 28. Qxe8+ Rg8 29. Qxe5+ Qg7 30. Qxe4 Qxb2 31. Rf7 Rg7 32. Rf8+ Rg8 33. Rxg8+ Kxg8 34. Qe6+ Kh7 35. d6 Qb6 36. Qf7+ Kh8 37. d7 Qc7+ 38. Nf4 1-0

[Event "CAN-op"]
[Site "Edmonton CAN"]
[Date "2000.07.16"]
[Round "10"]
[White "Marghetis, Aris"]
[Black "MacNab, John"]
[Result "1-0"]
[WhiteElo "2009"]
[BlackElo "1674"]
[PlyCount "65"]
[GameId "2160767911703306"]
[EventDate "2000.07.08"]
[EventType "swiss"]
[EventRounds "10"]
[EventCountry "CAN"]

1. e4 c5 2. Nc3 Nc6 3. g3 Nf6 4. Bg2 d6 5. d3 g6 6. h3 Bg7 7. Be3 O-O 8. f4 e5 9. g4 exf4 10. Bxf4 Ne5 11. Qd2 Nfd7 12. Bg3 Rb8 13. Nd5 Nb6 14. Ne2 Nxd5 15. exd5 c4 16. d4 c3 17. Qxc3 Nxg4 18. hxg4 Bxg4 19. Bf3 Rc8 20. Qd3 Bxf3 21. Qxf3 Rxc2 22. Qb3 Qa5+ 23. Nc3 Re8+ 24. Kf1 Qa6+ 25. Qb5 Qxb5+ 26. Nxb5 Rxb2 27. Nxd6 Ree2 28. Rc1 h5 29. Rc8+ Bf8 30. Nc4 Rxa2 31. d6 Kg7 32. d7 Be7 33. Re8 1-0

[Event "CAN-op"]
[Site "Edmonton CAN"]
[Date "2000.07.16"]
[Round "10"]
[White "Marks, Terry"]
[Black "Das, Samir"]
[Result "1-0"]
[WhiteElo "1593"]
[BlackElo "1396"]
[PlyCount "81"]
[GameId "2160767911703307"]
[EventDate "2000.07.08"]
[EventType "swiss"]
[EventRounds "10"]
[EventCountry "CAN"]

1. e4 e5 2. Nf3 Nc6 3. Bb5 Nge7 4. c3 a6 5. Ba4 b5 6. Bb3 Ng6 7. O-O Bc5 8. d4 Bb6 9. Bg5 f6 10. Be3 Na5 11. Re1 Bb7 12. Nbd2 d5 13. Bc2 Qd7 14. h3 exd4 15. cxd4 O-O-O 16. b3 Rhe8 17. e5 Nf8 18. Rc1 fxe5 19. Nxe5 Qd6 20. Qf3 Qf6 21. Qg4+ Kb8 22. Bg5 Qe6 23. Bf5 Qg8 24. Bxd8 Rxd8 25. Ndf3 g6 26. Nd7+ Nxd7 27. Bxd7 Qg7 28. Re8 Rxe8 29. Bxe8 Qe7 30. Re1 Qa3 31. Re2 Nc6 32. Kh2 Qd6+ 33. g3 a5 34. Re6 Qa3 35. Bxc6 Qxa2 36. Re8+ Ka7 37. Bxb7 Qxf2+ 38. Kh1 Bxd4 39. Qxd4+ Qxd4 40. Nxd4 Kxb7 41. Nxb5 1-0

[Event "CAN-op"]
[Site "Edmonton CAN"]
[Date "2000.07.16"]
[Round "10"]
[White "Martin, Steve"]
[Black "Martinson, Rick"]
[Result "0-1"]
[WhiteElo "1266"]
[BlackElo "1750"]
[PlyCount "102"]
[GameId "2160767911703308"]
[EventDate "2000.07.08"]
[EventType "swiss"]
[EventRounds "10"]
[EventCountry "CAN"]

1. e4 c5 2. Nf3 d6 3. d4 cxd4 4. Nxd4 Nf6 5. Nc3 a6 6. Be2 e6 7. O-O Be7 8. b3 O-O 9. Bb2 Nbd7 10. Nf3 b5 11. Re1 Bb7 12. Bd3 Qc7 13. Qe2 Nc5 14. Rac1 Rfd8 15. b4 Nxd3 16. cxd3 Qb6 17. a3 Rac8 18. Nb1 Qa7 19. Bd4 Qb8 20. Nbd2 Rd7 21. Bb2 Rdc7 22. e5 Nd5 23. exd6 Bxd6 24. Ne4 Bf4 25. Nfd2 Rxc1 26. Bxc1 Nc3 27. Qf3 f5 28. Nf6+ gxf6 29. Qh3 Ne2+ 30. Rxe2 Rxc1+ 31. Nf1 Bd5 32. Qh4 Bg5 33. Qd4 Qb7 34. f3 e5 35. Qf2 e4 36. h4 exf3 37. Re8+ Kf7 38. hxg5 fxg2 39. Re1 Rxe1 40. Qxe1 gxf1=Q+ 41. Qxf1 Qb6+ 42. Kh2 Qd6+ 43. Kh3 f4 44. gxf6 Qxf6 45. Qc1 Qh6+ 46. Kg4 Be6+ 47. Kf3 Qh3+ 48. Ke2 Bg4+ 49. Kd2 Qe3+ 50. Kc2 Qxc1+ 51. Kxc1 f3 0-1

[Event "CAN-op"]
[Site "Edmonton CAN"]
[Date "2000.07.16"]
[Round "10"]
[White "McCusky, Louis"]
[Black "Anderson, Ashton"]
[Result "1-0"]
[WhiteElo "1558"]
[BlackElo "1764"]
[PlyCount "103"]
[GameId "2160767911703309"]
[EventDate "2000.07.08"]
[EventType "swiss"]
[EventRounds "10"]
[EventCountry "CAN"]

1. e4 e5 2. Nf3 Nc6 3. Bb5 a6 4. Ba4 Nf6 5. O-O Be7 6. Re1 b5 7. Bb3 O-O 8. c3 d5 9. exd5 Nxd5 10. Nxe5 Nxe5 11. Rxe5 c6 12. Bxd5 cxd5 13. d4 Bd6 14. Re3 Qh4 15. g3 Qh3 16. Qf3 Be6 17. Nd2 Rae8 18. Nf1 f5 19. Rxe6 Rxe6 20. Qxd5 f4 21. Bxf4 Bxf4 22. gxf4 Qf5 23. Qxf5 Rxf5 24. Ng3 Rxf4 25. Kg2 b4 26. f3 bxc3 27. bxc3 Rc6 28. Ne4 Rxe4 29. fxe4 Rxc3 30. Rd1 Rc2+ 31. Kf3 Rxh2 32. d5 Kf7 33. e5 Rxa2 34. Ke4 Ke7 35. d6+ Kd7 36. e6+ Kd8 37. Kd5 Re2 38. Rc1 Rd2+ 39. Kc6 Re2 40. e7+ Rxe7 41. dxe7+ Kxe7 42. Ra1 Kf6 43. Rxa6 h5 44. Kd5+ Kf5 45. Kd4 g5 46. Ra5+ Kf4 47. Ra6 h4 48. Rf6+ Kg3 49. Ke3 g4 50. Rf1 h3 51. Rg1+ Kh2 52. Kf2 1-0